000 00476nam a2200181Ia 4500
001 23082
005 20260414150913.0
008 260414t2011||||xx |||||||||||||| ||spa||
041 _aESP
082 _a624.1834
_bI59E
110 _aInstituto Mexicano del Cemento y del Concreto
245 0 _aGuía para la colocación de concreto en clima caliente
_b
260 _c2011
300 _a90 páginas :
_c28 cm.
650 _a0
654 _aCIC
942 _cLIB
_dJUS
_fJUS
_2ddc
_n
999 _c23082
_d23082